000 00901cam a22002775a 4500
001 016862175
003 OSt
005 20201128023722.0
008 140211t2015 enka frb 001 0 eng d
020 _a9781292057774 (paperback)
020 _a1292057777 (paperback)
040 _aUk
_beng
_cUk
_dIeDuTC
_dUk
_dEG-ScBUE
082 0 4 _222
_a155
_bFEL
100 1 _aFeldman, Robert S.
_q(Robert Stephen),
_d1947-
_91222
245 1 0 _aDiscovering the lifespan /
_cRobert S. Feldman.
250 _a3rd ed., Global ed.
260 _aHarlow :
_bPearson Education Limited,
_cc.2015.
300 _a(various pagings) :
_bill. ;
_c28 cm.
504 _aIncludes bibliographical references and indexes.
650 7 _aDevelopmental psychology.
_2BUEsh
_9952
650 7 _aLife cycle, Human.
_2BUEsh
_936156
650 7 _aHuman growth.
_2BUEsh
_939816
651 _2BUEsh
653 _bNNUR
_cApril2016
942 _2ddc
999 _c21621
_d21593